| 000 | 01077nam a22002657a 4500 | ||
|---|---|---|---|
| 003 | OSt | ||
| 005 | 20210319113055.0 | ||
| 008 | 210319b1945 ck ao||gr|||| 00| 0 spa d | ||
| 040 |
_aCO-JMCR _cCO-JMCR |
||
| 041 | 0 | _aspa | |
| 082 | 0 | 4 |
_a759.986 / _bL433a _223 |
| 100 | 1 |
_aLe Moyne, Auguste, _d1800-1880. _eautor _936342 |
|
| 245 | 1 | 0 |
_aAcuarelas de Auguste Le Moyne : _bimpresiones de Colombia : 1828-1839 / _c Auguste Le Moyne, Beatriz González. |
| 260 |
_aBogotá : _bFitch Ratings, _c[fecha de publicación no identificada]. |
||
| 300 |
_a83, [2] páginas : _bilustraciones ; _c23 x 30 cm. |
||
| 505 | 0 | _aBibliografía de Auguste Le Moyne | |
| 600 | 1 |
_aLe Moyne, Auguste, _y1800-1880 _936343 |
|
| 650 | 1 | 4 |
_aTrabajos pictóricos _xCatálogos _936344 |
| 650 | 2 | 4 |
_aMuseo Nacional de Colombia _xColecciones de pintura _936345 |
| 650 | 2 | 4 |
_aCatálogos _xPintura colombiana. Acuarelas _936346 |
| 650 | 2 | 4 |
_aCatálogos _xPintores colombianos _936347 |
| 650 | 2 | 4 |
_aColombia en el arte _xCatálogos _936348 |
| 700 | 1 | 4 |
_aGonzález, Beatriz. _ecoautora _936349 |
| 942 |
_2ddc _cBK |
||
| 999 |
_c15441 _d15441 |
||